| 000 | 00528nam a22001697a 4500 | ||
|---|---|---|---|
| 003 | LC | ||
| 005 | 20160218120554.0 | ||
| 008 | 160218b xxu||||| |||| 00| 0 eng d | ||
| 020 | _a9780439902533 | ||
| 050 | _aPZ 7 .Ab131 2008 | ||
| 100 | _aAbbott, Tony | ||
| 245 |
_aThe treasure of the orkins _cTony Abbott, Illustrated bt Royce Fitzgerald, Cover Illustrations by Tim Jessell |
||
| 260 |
_aNew York : USA _bScholastic Inc _c2008 |
||
| 300 |
_a120 pages., _c19 cm. |
||
| 440 | _aThe Secrets of Droon #32 | ||
| 942 |
_2lcc _cBK |
||
| 999 |
_c291016 _d291016 |
||